| 000 -LEADER |
| fixed length control field |
00846cam a2200265 i 4500 |
| 001 - CONTROL NUMBER |
| control field |
18614368 |
| 005 - DATE AND TIME OF LATEST TRANSACTION |
| control field |
20180205072716.0 |
| 008 - FIXED-LENGTH DATA ELEMENTS--GENERAL INFORMATION |
| fixed length control field |
951108t19961996njua b 001 0ceng |
| 010 ## - LIBRARY OF CONGRESS CONTROL NUMBER |
| LC control number |
95050109 |
| 020 ## - INTERNATIONAL STANDARD BOOK NUMBER |
| International Standard Book Number |
0806518006 (hard) |
| 040 ## - CATALOGING SOURCE |
| Original cataloging agency |
DLC |
| Language of cataloging |
eng |
| Description conventions |
rda |
| Transcribing agency |
DLC |
| 041 ## - LANGUAGE CODE |
| Language code of text/sound track or separate title |
eng |
| 042 ## - AUTHENTICATION CODE |
| Authentication code |
pcc |
| 043 ## - GEOGRAPHIC AREA CODE |
| Geographic area code |
n-us--- |
| 080 ## - UNIVERSAL DECIMAL CLASSIFICATION NUMBER |
| Universal Decimal Classification number |
332.092273 KLE |
| 082 00 - DEWEY DECIMAL CLASSIFICATION NUMBER |
| Classification number |
332.092273 KLE |
| Edition number |
23 |
| 100 1# - Rafti |
| Rafti |
52 |
| 101 ## - Shkurtesa |
| Shkurtesa |
EKO |
| 245 14 - TITLE STATEMENT |
| Title |
The wealthy 100 : |
| Statement of responsibility, etc |
Michael Klepper and Robert Gunther. |
| 246 30 - VARYING FORM OF TITLE |
| Title proper/short title |
Wealthy one hundred |
| 504 ## - BIBLIOGRAPHY, ETC. NOTE |
| Bibliography, etc |
Includes bibliographical references (pages 349-350) and index. |
| 906 ## - LOCAL DATA ELEMENT F, LDF (RLIN) |
| a |
7 |
| b |
cbc |
| c |
origres |
| d |
3 |
| e |
ncip |
| f |
20 |
| g |
y-gencatlg |
| 942 ## - ADDED ENTRY ELEMENTS (KOHA) |
| Source of classification or shelving scheme |
|
| Item type |
Books |